000 01118nam a22003257a 4500
003 CHAP
005 20220329141452.0
008 971013s1989 r 00010 d
010 _a68656
011 _a69628
035 _a79105
040 _cCHAP
090 _aTesis
100 0 0 _aDomínguez Castellanos, Horacio.
_933787
245 _aEficiencia de utilización de dos fuentes de fósforo en tres líneas comerciales de pollo de engorda
260 _aChapingo, Méx. :
_bEl autor,
_c1989
500 _a31-47
502 _aTesis (Ing. Agrónomo Esp. en Zootecnia) -- UACH. Departamento de Zootecnia
590 _aALEPH
_b10
_c20130110
_lUCH01
_h1405
590 _aBATCH-UPD
_b10
_c20130110
_lUCH01
_h0620
590 _aBATCH-UPD
_b10
_c20130410
_lUCH01
_h0303
590 _aBATCH-UPD
_b10
_c20130914
_lUCH01
_h0449
590 _aCONVERSION
_b10
_c20130109
_lUCH01
_h1338
650 1 4 _aAves de corral
_xEngorda.
_98647
650 1 4 _aFósforo en nutrición animal.
_942266
901 _aBK
942 _cFOLL
949 _bBC
_cTES
_d-31985
_eTS1
_h25514
_i79105
_si
949 _bBC
_cTES
_d-96077
_eTS2
_fc.2
_h25515
_i79105
_si
999 _c68656
_d68656